Statystyki dla Quiz o polskim rapie

Kliknij tutaj aby rozwiązać quiz!

Ogólne statystyki

  • Ten quiz został rozwiązany 2 179 razy
  • Średni wynik to 4 z 7

Statystyki odpowiedzi

ZagadnienieOdpowiedź% Poprawnych
Kto śpiewa w piosence ,,Delfin''Bedoes, Kubi Producent, Young Multi, Beteo, Koldi
87%
Dokończ tekst piosenki: ,,Jestem idolem dla wielu, skończyłem tylko liceum A nie ma wielu raperów, którzy .....................są szczerzy jak ja
87%
Co to są ,,Jagodzianki" w piosence Malika Montany?fioletowe 500euro
70%
A gdzie się urodził ten pan powyżej?Poznań
62%
W piosence ,,Bad Boy'' powinno być:Dzisiaj najpierw sex, potem skręt
58%
Jaki jest najczęściej słuchany polski rap w październiku tego roku?Bedoes & Lanek ,,Jesteś ładniejsza niż na zdjęciach''
41%
W którym roku urodził się Paluch?1985
31%

Rozkład punktacji

Percentyl według liczby udzielonych odpowiedzi

Procent ludzi z każdym wynikiem

Twoja historia wyników

Nie rozwiązałeś tego quizu